000 00255nam a22001217a 4500
008 171123b xxu||||| |||| 00| 0 eng d
041 _aeng
080 _a51
100 _a28
101 _aMAT
245 _aVECTOR ANLYSIS
_cMURRAY.R.S
942 _2udc
_cBK
999 _c38362
_d38362